0000 to 8085 Introduction to Microprocessors for Engineers and Scientists (Record no. 553)

MARC details
000 -LEADER
Fixed length control field 00529nam a2200181 4500
003 - CONTROL NUMBER IDENTIFIER
Control field SEACOMMC
005 - DATE AND TIME OF LATEST TRANSACTION
Control field 20250412121551.0
008 - FIXED-LENGTH DATA ELEMENTS--GENERAL INFORMATION
Fixed length control field 240913b |||||||| |||| 00| 0 eng d
020 ## - INTERNATIONAL STANDARD BOOK NUMBER / ISBN
International Standard Book Number 978-81-2030-978-4
Price Rs.250.00
040 ## - CATALOGING SOURCE
Original cataloging agency SEACOMMC
082 ## - DEWEY DECIMAL CLASSIFICATION NUMBER
Classification number 004.616
Book Number G427
100 ## - MAIN ENTRY--PERSONAL NAME
Personal name Ghosh, P. K
245 1# - TITLE STATEMENT
Title 0000 to 8085 Introduction to Microprocessors for Engineers and Scientists
Statement of responsibility P. K. Ghosh, P. R Sridhar
250 ## - EDITION STATEMENT
Edition statement 2nd ed.
260 ## - IMPRINT
Place of publication New Delhi
Name of publisher Prentice-Hall
Date of publication 1995
650 ## - SUBJECT ADDED ENTRY--TOPICAL TERM
Topical term Microprocessors
942 ## - ADDED ENTRY ELEMENTS (KOHA)
Koha item type Books
Holdings
Withdrawn status Lost status Source of classification Damaged status Not for loan Home library Current library Date acquired Total Checkouts Call number Accession number Date last seen Price effective from Koha item type
    Dewey Decimal Classification     SEACOM MANAGEMENT COLLEGE SEACOM MANAGEMENT COLLEGE 25/09/2007   004.616 G427 M-135 13/09/2024 13/09/2024 Books
© Seacom Engineering College, All rights reserved.    Powered by Koha